000
00401nam a22001697a 4500
003
MPLRDC
005
20220104143504.0
008
210129b ||||| |||| 00| 0 eng d
082
_a
832.1 LZC-2
100
_a
游泽承
245
_a
楚辞概论
_c
250
_a
一版一刷
260
_a
_b
九思出版社
_c
1978
300
_b
精
650
_a
辞赋总集--楚辞
942
_c
BK
_o
832.1 LZC-2
999
_c
40400
_d
40390